000 00863nam a2200241Ia 4500
003 OSt
005 20220923221615.0
006 a|||||r|||| 00| 0
007 ta
008 220922b |||||||| |||| 00| 0 hin d
024 _a198,570
037 _cTextual
040 _aARTS
_cARTS
_bhin
041 _2hin
_ahin
082 _aP152:4k, 111M9/RR(FAL)
100 _aश्रीवास्तव, गोपी नाथ
_9157386
245 0 _aराजपाल हिन्दी अंग्रेजी पर्यायवाची कोश
246 _aRājapāl hindī aangrejī paryāyavāchī kosha
260 _aदिल्ली
_b राजपाल
_c1989
300 _a271पृ.
_ccm.
942 _hP152:4k, 111M9/RR(FAL)
_cTEXL
_2CC
999 _c350395
_d350395